Normal view
MARC view
Entry Topical Term
001 - CONTROL NUMBER
- control field: 5978
003 - CONTROL NUMBER IDENTIFIER
- control field: BD-RjUL
005 - DATE AND TIME OF LATEST TRANSACTION
- control field: 20221122124253.0
008 - FIXED-LENGTH DATA ELEMENTS
- fixed length control field: 221122|| aca||aabn | a|a d
040 ## - CATALOGING SOURCE
- Original cataloging agency: BD-RjUL
- Transcribing agency: BD-RjUL
150 ## - HEADING--TOPICAL TERM
- Topical term or geographic name entry element: Language and culture
670 ## - SOURCE DATA FOUND
- Source citation: Work cat.: (BD-RjUL)80829: সিংহ, উদয়নারায়ণ 5976, ভাষা সমাজ সংস্কৃতি / , ২০২২